2 States The Story Of My Marriage (Record no. 41423)
[ view plain ]
| 000 -LEADER | |
|---|---|
| fixed length control field | 00396nam a2200145Ia 4500 |
| 008 - FIXED-LENGTH DATA ELEMENTS--GENERAL INFORMATION | |
| fixed length control field | 240719s9999 xx 000 0 und d |
| 041 ## - LANGUAGE CODE | |
| Language code of text/sound track or separate title | eng |
| 082 ## - DEWEY DECIMAL CLASSIFICATION NUMBER | |
| Classification number | 823 BHA |
| 100 ## - MAIN ENTRY--PERSONAL NAME | |
| Personal name | Bhagat, Chetan |
| 245 ## - TITLE STATEMENT | |
| Title | 2 States The Story Of My Marriage |
| 260 ## - PUBLICATION, DISTRIBUTION, ETC. | |
| Place of publication, distribution, etc. | New Delhi |
| Name of publisher, distributor, etc. | Rupa Publications India |
| Date of publication, distribution, etc. | 2009 |
| 300 ## - PHYSICAL DESCRIPTION | |
| Extent | 269;. P. 22 Cm |
| 365 ## - TRADE PRICE | |
| Currency code | RS |
| 520 ## - SUMMARY, ETC. | |
| Summary, etc. | Gifted By : IMT Student Mr. amit ranjan |
| Withdrawn status | Lost status | Damaged status | Not for loan | Home library | Current library | Shelving location | Date acquired | Cost, normal purchase price | Total Checkouts | Full call number | Barcode | Date last seen | Date last checked out | Price effective from | Koha item type |
|---|---|---|---|---|---|---|---|---|---|---|---|---|---|---|---|
| IMTN | IMTN | Rack 39-A | 01/08/2023 | 95.00 | 3 | 823 BHA | 33118 | 10/13/2025 | 10/09/2025 | 07/19/2024 | Books |